Indian Army Agniveer Clerk/SKT / (Record no. 200404)

MARC details
000 -LEADER
fixed length control field 00545nam a22001937a 4500
005 - DATE AND TIME OF LATEST TRANSACTION
control field 20240131165612.0
010 ## - LCCN (DPL NO)
LC control number ENG-139042
020 ## - INTERNATIONAL STANDARD BOOK NUMBER
International Standard Book Number 9789391121181
Terms of availability 295.00
035 ## - SYSTEM CONTROL NUMBER
System control number EN-122574
037 ## - SOURCE OF ACQUISITION
Source of stock number/acquisition DBAD/PUB
082 ## - DEWEY DECIMAL CLASSIFICATION NUMBER
Classification number 000
Edition number 1
245 ## - TITLE STATEMENT
Title Indian Army Agniveer Clerk/SKT /
Remainder of title
250 ## - EDITION STATEMENT
Edition statement 1
260 ## - PUBLICATION, DISTRIBUTION, ETC. (IMPRINT)
Place of publication, distribution, etc Agra
Name of publisher, distributor, etc UPKAR PUBLICATION
270 ## - ADDRESS
Address 1State Bank Colony, Near Khandari
City Agra
Postal code 282005
300 ## - PHYSICAL DESCRIPTION
Extent 104 p.
Dimensions 28 cm(pbk)
700 ## - ADDED ENTRY--PERSONAL NAME
Personal name Gilberg, Richard F.
Relator term Author
9 (RLIN) 61255
942 ## - ADDED ENTRY ELEMENTS (KOHA)
Source of classification or shelving scheme Dewey Decimal Classification
Item type English Books
Classification part 000
Call number suffix IND
Holdings
Withdrawn status Lost status Not for loan Collection code Home library Current library Date acquired Source of acquisition Cost, normal purchase price Full call number Barcode Copy number Cost, replacement price Koha item type
      Non-fiction Sarojini Nagar Sarojini Nagar 25/01/2024 DBAD/PUB 295.00 000 IND EN-122574 1 295.00 English Books

© Delhi Public Library
Hit Counter
free hit counter